| 000 | 003350000a22001090004500 | ||
|---|---|---|---|
| 090 |
_aAS _bSeriadas |
||
| 245 | 1 | 0 | _aIdentificación de plantulas de algunas especies arboreas del bosque de niebla |
| 041 | 0 | _aEspañol | |
| 100 | 1 |
_aBarrera Torres, Eduardo _999077 |
|
| 942 | _cARTICULO | ||
| 773 | 1 |
_tPerez Arbelaezia _3317 _h2 _q165-209 _d1986 _g1 |
|
| 999 |
_c15115 _d15115 |
||